Регионална библиотека "Любен Каравелов" - Русе

Дневникът на един Дръндьо (Запис номер 508847)

MARC детайли
000 -Лидер
Лидер 01153nam a2200277 a 4500
003 - Код на организацията, давaща контролен номер
Код на организацията, даваща контролен номер BLK
005 - Дата и час на последна редакция
Дата и час на последна редакция 20250721171209.0
008 - Елементи от данни с фиксирана дължина
Елементи с фиксирана дължина 180411b bul|||||r ||||||| ||bul||
020 ## - Международен стандартен номер на книга ISBN
ISBN 9786197560268
040 ## - Източник на каталожния запис
Код на библиотеката BLK
041 ## - Код за език
Език Български
Език за КДБФ Български
080 ## - УДК
УДК текст Американска литература (на САЩ)
УДК код 821.111(73)
УДК – определител -93-32
УДК – код + определител 821.111(73)-93-32
084 ## - Класификационен индекс по друга класификация
Авторски знак Кин - К 54
100 1# - Редна дума - Автор
Автор Кини, Джеф
R(LIN) 309890
245 10 - Сведения за заглавието
Заглавие Дневникът на един Дръндьо
Подзаглавни данни Ч. 1 -
Авторска отговорност Джеф Кини ; прев. Михаил Балабанов.
Том Ч. 18
Заглавие на том Празноглавци
257 ## - Страна на издаване
Страна на създаване/издаване Съединени американски щати
260 ## - Област на издателските данни
Място на издаване София
Име на издателя ДУО ДИЗАЙН
Година на издаване 2024
Печатница [София] : [Инвестпринт]
300 ## - Физическа характеристика
Брой страници 218 с.
Илюстрации с ил.
Размер 21 см
380 ## - Жанр
Жанр Детска худож. лит.
500 ## - Общи забележки
Обща забележка Ориг. загл.: Diary of a wimpy kid: No brainer / Jeff Kinney<br/>За автора: с. 218
700 ## - Други автори (авторска отговорност)
Друг автор Балабанов, Михаил Петров
Авт. отговорност на др. автор прев.
9 (RLIN) 443003
852 ## - Местоположение
Сигнатура (форматна) Цб 325459
Отдел Хранилище
942 ## - АРТИКУЛИ
Вид на библиотечния документ Книги
Скрит в OPAC Не
Koha issues (borrowed), all copies 397
Периодичен библиозапис Да
944 ## - СЪЗДАВАНЕ И РЕДАКЦИЯ на ЗАПИСА
Дата на регистрацията/редакция Нора Радева
Служител, извършил регистрацията/редакцията 30564
Номер на служител Анна Гръцманова
999 ## - СИСТЕМНИ КОНТРОЛНИ НОМЕРА
Koha biblionumber 508847
Koha biblioitemnumber 508847
Наличности
Код за отписване Код за изгубен артикул Източник на класификационната схема Код за повреда Код за отдаване Артикулен № Име на библиотеката - собственик Име на библиотеката, в която се намира в момента Статус (Текущо местоположение) Дата на вписване в системата Местоположение - отдел Цена в лева Инвентарен номер Систематично азбучна сигнатура Баркод Цена в евро Служебен тип на артикула Коз за рестрикции
  Не е изгубен Universal Decimal Classification Не е повреден заемане за дома 942229 Регионална библиотека "Любен Каравелов" Русе Регионална библиотека "Любен Каравелов" Русе Детски отдел 2024-04-17 Детски отдел 13.93 120000901253 821-93/К 54 Д 120000901253 7.12 Книги  
  Не е изгубен Universal Decimal Classification Не е повреден заемане за дома 942230 Регионална библиотека "Любен Каравелов" Русе Регионална библиотека "Любен Каравелов" Русе Детски отдел 2024-04-17 Детски отдел 13.93 120000901252 821-93/К 54 Д 120000901252 7.12 Книги  
  Не е изгубен Universal Decimal Classification Не е повреден заемане за дома 942231 Регионална библиотека "Любен Каравелов" Русе Регионална библиотека "Любен Каравелов" Русе Детски отдел 2024-04-17 Детски отдел 13.93 120000901255 821-93/К 54 Д 120000901255 7.12 Книги  
  Не е изгубен Universal Decimal Classification Не е повреден заемане за дома 942232 Регионална библиотека "Любен Каравелов" Русе Регионална библиотека "Любен Каравелов" Русе Детски отдел 2024-04-17 Детски отдел 13.93 120000901256 821-93/К 54 Д 120000901256 7.12 Книги  
  Не е изгубен Universal Decimal Classification Не е повреден заемане за дома 942233 Регионална библиотека "Любен Каравелов" Русе Регионална библиотека "Любен Каравелов" Русе Детски отдел 2024-04-17 Детски отдел 13.93 120000901254 821-93/К 54 Д 120000901254 7.12 Книги  
  Не е изгубен Universal Decimal Classification Не е повреден ползва се в читалня 956689 Регионална библиотека "Любен Каравелов" Русе Регионална библиотека "Любен Каравелов" Русе Хранилище 2025-01-02 Хранилище 19.90 120000915582 Цб 325459 120000915582 10.17 Книги само за читалня
Vip Innovations Ltd, Rousse, Bulgaria 2025